000 00443nam a2200157Ia 4500
003 OSt
005 20200708095956.0
008 190216s9999||||xx |||||||||||||| ||und||
040 _coclc
082 _a952
_bKUM/H
100 _aKumar, Shiv
_93483
245 0 _aHistory Of Modern Japan /
_cShiv Kumar ; S Jain
260 _bS Chand & Co,
_c1985.
_aNew Delhi:
300 _a183p
942 _cBK
_2ddc
_h952
_iKUM/H
_k952
_mKUM/H
999 _c19784
_d19784